Estado, mercado y conocimiento: Políticas y resultados en la Educación superior chilena 1960-1990 /

Na minha lista:
Detalhes bibliográficos
Autor principal: Brunner, José Joaquín
Outros Autores: Courard, Hernán Cox, Cristián
Formato: Texto
Publicado em: Santiago: Foro de la Eduación Superior
Tags: Adicionar Tag
Sem tags, seja o primeiro a adicionar uma tag!

MARC

LEADER 00000 a a2200000 04500
001 25348
003
040
090 |a 181300  
100 |a Brunner, José Joaquín  
245 |a Estado, mercado y conocimiento: Políticas y resultados en la Educación superior chilena 1960-1990 /  |c José Joaquín Brunner 
260 |a Santiago:   |b Foro de la Eduación Superior  
300 |a 278 p.  
700 |a Courard, Hernán   |a Cox, Cristián  
999 |c 1456  |d 1456